000 00906cab a2200289 4500
001 ABS46932
008 090401t1992 xxu||||| |||| 00| 0 eng d
035 _a(Sirsi) u60162
041 _aeng
100 _aCooke, E.
245 _aNotice to quit for the monthly tenant
260 _c1992
350 _a0
490 _aConveyancer & Property Lawyer
_vJuly - August 1992, 263-267(5)
520 _aRaises the question of the minimum length of a notice to quit required to be served by a landlord to a monthly tenant.
650 _aCALENDAR MONTH
650 _aCOMMON LAW
650 _aMONTHLY TENANCY
650 _aNOTICE TO QUIT
650 _aREASONABLE NOTICE
650 _aRENT ACT 1977
650 _aS146 NOTICES
650 _aSIMMONS V CROSSLEY
690 _aPROPERTY-RESIDENTIAL PROPERTY-RESIDENTIAL LANDLORD AND TENANT-RESIDENTIAL TENANCIES
942 _n0
948 _c04/03/1997
999 _c37064
_d37064